000 01486nam a2200361 c 4500
999 _c154861
_d154861
003 BLK
005 20220221154549.0
008 180410b bul|||||r ||||||| ||bul||
010 _aKNG00161515000
040 _aBLK
041 _aBUL
_cBUL
072 7 _2bullib
_aК
_xКраезнание
080 _aФорми на предприятията в зависимост от отношението към собствеността...
_b334.72
_x(497.21-32)(035)
_z334.72(497.21-32)(035)
139 _aФирмите в Русенския регион
_bФ 56
245 1 0 _aФирмите в Русенския регион
_bСправочник
257 _aBGR
260 _bДунав прес
_c1990
_fРусе : Дунав прес
300 _a143 с.
_c28 см
380 _a3
500 _aИзд. на Дунав прес-Русе, Русенската търг.-индустр. камара
650 4 _aСтопански предприятия - Русенска обл. - справочници
_9312048
651 4 _aБългария
_9241624
651 4 _aРусенско
_9179464
653 _aфирми
653 _aРусенска област
653 _aсправочници
659 _aК
852 _aЦб ІІ 7503
852 _aК 334/Ф 56
856 4 _qpdf
856 4 _qpdf
942 _cKNG
_n0
_s1
944 _aCR
_c30.05.2014
_l30.05.2014 - от С1,Р / 30.05.2014
_kВаля_Йорданова
944 _aED
_c18.11.2015
_l30.05.2014 - от С1,Р / 30.05.2014
_kНора_Радева
999 _d154861
999 _d154861